=LDR 00000nam 2200000 4500 =001 INLIS000000000006393 =005 20220610023559 =035 ##$$a 0010-0622000254 =245 ##$$a SMT Solutions Take on Tiny Components /$c TETSUO HIRAYAMA =250 ##$$a Edisi Vol. 20, Serial No. 223 April 2015 =300 ##$$a 80 halaman : $b Tabel, Gambar ; $c 21x28 cm =260 ##$:$b Dempa Asia Electronics Industry,$c 2015 =082 ##$$a 050.37 =084 ##$$a 050.37 SMT =500 ##$$a Special Report : Devices Rally as Smart Cars Get Into High Gear Technology Highlight : Air Exposure Strengthens CNT Hybrid Film =990 ##$$a 19/MJ-16